| 000 | 01355nam a2200337 a 4500 | ||
|---|---|---|---|
| 001 | ebr10682779 | ||
| 003 | CaPaEBR | ||
| 006 | m u | ||
| 007 | cr cn||||||||| | ||
| 008 | 121212s2013 nyuad sb 001 0 eng d | ||
| 010 | _z 2012037325 | ||
| 020 | _z9781624170904 (hardcover) | ||
| 020 | _z9781624170911 (e-book) | ||
| 040 |
_aCaPaEBR _cCaPaEBR |
||
| 035 | _a(OCoLC)841170690 | ||
| 050 | 1 | 4 |
_aQD341.A6 _bN52 2013eb |
| 082 | 0 | 4 |
_a547/.036 _223 |
| 245 | 0 | 0 |
_aNew developments in aldehydes research _h[electronic resource] / _cLuca Torrioni and Emilia Pescasseroli, editors. |
| 260 |
_aHauppauge, N.Y. : _bNova Science Publishers, Inc., _c2013. |
||
| 300 |
_aix, 151 p. : _bill. (some col.). |
||
| 490 | 1 | _aChemical engineering methods and technology | |
| 504 | _aIncludes bibliographical references and index. | ||
| 533 |
_aElectronic reproduction. _bPalo Alto, Calif. : _cebrary, _d2013. _nAvailable via World Wide Web. _nAccess may be limited to ebrary affiliated libraries. |
||
| 650 | 0 | _aAldehydes. | |
| 655 | 7 |
_aElectronic books. _2local |
|
| 700 | 1 | _aTorrioni, Luca. | |
| 700 | 1 | _aPescasseroli, Emilia. | |
| 710 | 2 | _aebrary, Inc. | |
| 830 | 0 | _aChemical engineering methods and technology. | |
| 856 | 4 | 0 |
_uhttp://site.ebrary.com/lib/rucke/Doc?id=10682779 _zAn electronic book accessible through the World Wide Web; click to view |
| 999 |
_c32297 _d32297 |
||